00000000nam 2200000zi 4500
0019.947190
003CaOODSP
00520250121105023
006m    go  d f      
007cr |n|||||||||
008250121e198908  onca    o    f000 0 eng d
040 |aCaOODSP|beng|erda|cCaOODSP
041 |aeng|bfre
043 |an-cn---
0861 |aCo24-3/11-4-1989E-PDF
24500|aDepartment utilization of legal services : |bevaluation assessment.
264 1|a[Ottawa] : |bGovernment of Canada, Department of Communications = Gouvernement du Canada, Ministère des Communications, |cAugust 1989.
300 |a1 online resource (v, 19 pages) : |bfigure.
336 |atext|btxt|2rdacontent
337 |acomputer|bc|2rdamedia
338 |aonline resource|bcr|2rdacarrier
4901 |aEvaluation assessment = Rapport préparatoire d'évaluation ; |v[4]
500 |aDigitized copy from print [produced by Innovation, Science and Economic Development Canada].
500 |a"DOC program evaluation series."
546 |aIncludes summary in French.
61010|aCanada. |bDepartment of Communications|xEvaluation.
61016|aCanada. |bMinistère des communications|xÉvaluation.
650 0|aLegal services|zCanada|xEvaluation.
650 6|aServices juridiques|zCanada|xÉvaluation.
7101 |aCanada. |bDepartment of Communications, |eissuing body.
830#0|aEvaluation assessment = Rapport préparatoire d'évaluation ;|v[4]|w(CaOODSP)9.940712
85640|qPDF|s727 KB|uhttps://publications.gc.ca/collections/collection_2025/isde-ised/co24/Co24-3-11-4-1989-eng.pdf